The Ulama in Contemporary Islam : (Record no. 13982)
[ view plain ]
| 000 -LEADER | |
|---|---|
| fixed length control field | 01253cam a2200301 a 4500 |
| 001 - CONTROL NUMBER | |
| control field | 12652310 |
| 005 - DATE AND TIME OF LATEST TRANSACTION | |
| control field | 20070417135426.0 |
| 008 - FIXED-LENGTH DATA ELEMENTS--GENERAL INFORMATION | |
| fixed length control field | 020123s2002 nju | b 001 0 eng d |
| 010 ## - LIBRARY OF CONGRESS CONTROL NUMBER | |
| LC control number | 2002020127 |
| 020 ## - INTERNATIONAL STANDARD BOOK NUMBER | |
| International Standard Book Number | 9780691130705 |
| 040 ## - CATALOGING SOURCE | |
| Original cataloging agency | DLC |
| Transcribing agency | DLC |
| Modifying agency | DLC |
| 042 ## - AUTHENTICATION CODE | |
| Authentication code | pcc |
| 050 00 - LIBRARY OF CONGRESS CALL NUMBER | |
| Classification number | BP185 |
| Item number | .Z36 2002 |
| 082 00 - DEWEY DECIMAL CLASSIFICATION NUMBER | |
| Edition number | 21 |
| Classification number | 297.61 |
| Item number | ZAM |
| 100 1# - MAIN ENTRY--PERSONAL NAME | |
| Personal name | Zaman, Muhammad Qasim. |
| 9 (RLIN) | 13957 |
| 245 14 - TITLE STATEMENT | |
| Title | The Ulama in Contemporary Islam : |
| Remainder of title | Custodians of Change / |
| Statement of responsibility, etc | Muhammad Qasim Zaman. |
| 260 ## - PUBLICATION, DISTRIBUTION, ETC. (IMPRINT) | |
| Place of publication, distribution, etc | Princeton, NJ : |
| Name of publisher, distributor, etc | Princeton University Press, |
| Date of publication, distribution, etc | c2002. |
| 300 ## - PHYSICAL DESCRIPTION | |
| Extent | xv, 293 p. ; |
| Dimensions | 24 cm. |
| 490 #0 - Series Statement | |
| Series statement | Princeton studies in Muslim politics |
| -- | 13960 |
| 504 ## - BIBLIOGRAPHY, ETC. NOTE | |
| Bibliography, etc | Includes bibliographical references and index. |
| 650 #0 - SUBJECT ADDED ENTRY--TOPICAL TERM | |
| Topical term or geographic name as entry element | Ulama. |
| 9 (RLIN) | 13958 |
| 650 #0 - SUBJECT ADDED ENTRY--TOPICAL TERM | |
| Topical term or geographic name as entry element | Scholars, Muslim. |
| 9 (RLIN) | 13959 |
| 856 41 - ELECTRONIC LOCATION AND ACCESS | |
| Materials specified | Table of contents |
| Uniform Resource Identifier | <a href="http://www.loc.gov/catdir/toc/prin032/2002020127.html">http://www.loc.gov/catdir/toc/prin032/2002020127.html</a> |
| 856 42 - ELECTRONIC LOCATION AND ACCESS | |
| Materials specified | Publisher description |
| Uniform Resource Identifier | <a href="http://www.loc.gov/catdir/description/prin022/2002020127.html">http://www.loc.gov/catdir/description/prin022/2002020127.html</a> |
| 942 ## - ADDED ENTRY ELEMENTS (KOHA) | |
| Source of classification or shelving scheme | Dewey Decimal Classification |
| Item type | Book - Borrowing |
| Withdrawn status | Item status | Source of classification or shelving scheme | Damaged status | Not for loan | Vendor | Home library | Current library | Shelving location | Date acquired | Source of acquisition | Cost, normal purchase price | Serial Enumeration / chronology | Total Checkouts | Full call number | Barcode | Date last seen | Date last borrowed | Koha item type |
|---|---|---|---|---|---|---|---|---|---|---|---|---|---|---|---|---|---|---|
| Dewey Decimal Classification | Baccah | Central Library | Central Library | Lower Floor | 15/05/2010 | 120.00 | 10268 | 1 | 297.61 ZAM | 000020815 | 15/07/2025 | 09/03/2014 | Book - Borrowing |